[Event "DEM U10 2021"]
[Site "Willingen GER"]
[Date "2021.08.24"]
[Round "3"]
[White "Lange, Friedrich"]
[Black "Burban, Victor"]
[Result "0-1"]
[Termination "normal"]
[Board "29"]
[WhiteElo "861"]
[BlackElo "1215"]
[WhiteClock "00:56:33"]
[BlackClock "00:29:57"]
[PlyCount "84"]
[WhiteFideId "34608915"]
[BlackFideId "34609032"]
[EventCountry "GER"]
[EventRounds "11"]
[EventType "swiss"]
[EventDate "2021.08.22"]

1. c4 {[%clk 01:15:58]} {[%emt 00:00:02]} Nf6 {[%clk 01:15:53]} {[%emt
00:00:07]} 2. Nc3 {[%clk 01:16:19]} {[%emt 00:00:09]} g6 {[%clk 01:16:04]}
{[%emt 00:00:18]} 3. g3 {[%clk 01:16:36]} {[%emt 00:00:13]} Bg7 {[%clk
01:16:14]} {[%emt 00:00:20]} 4. Bg2 {[%clk 01:16:55]} {[%emt 00:00:11]} O-O
{[%clk 01:16:18]} {[%emt 00:00:26]} 5. e4 {[%clk 01:16:53]} {[%emt 00:00:33]}
d6 {[%clk 01:16:34]} {[%emt 00:00:14]} 6. d3 {[%clk 01:17:02]} {[%emt
00:00:22]} e5 {[%clk 01:15:22]} {[%emt 00:01:40]} 7. Bg5 {[%clk 01:17:18]}
{[%emt 00:00:15]} h6 {[%clk 01:15:13]} {[%emt 00:00:39]} 8. Bxf6 {[%clk
01:17:19]} {[%emt 00:00:28]} Bxf6 {[%clk 01:14:55]} {[%emt 00:00:48]} 9. Nd5
{[%clk 01:17:28]} {[%emt 00:00:22]} Bg7 {[%clk 01:13:11]} {[%emt 00:02:14]} 10.
Ne2 {[%clk 01:17:25]} {[%emt 00:00:33]} Be6 {[%clk 01:11:27]} {[%emt 00:02:13]}
11. f4 {[%clk 01:16:27]} {[%emt 00:01:28]} Bxd5 {[%clk 01:09:52]} {[%emt
00:02:05]} 12. exd5 {[%clk 01:16:07]} {[%emt 00:00:50]} Nd7 {[%clk 01:08:39]}
{[%emt 00:01:44]} 13. fxe5 {[%clk 01:15:28]} {[%emt 00:01:09]} Nxe5 {[%clk
01:06:47]} {[%emt 00:02:22]} 14. O-O {[%clk 01:15:03]} {[%emt 00:00:54]} Rb8
{[%clk 01:04:39]} {[%emt 00:02:38]} 15. Rb1 {[%clk 01:13:20]} {[%emt 00:02:13]}
Ng4 {[%clk 01:02:03]} {[%emt 00:03:07]} 16. Qd2 {[%clk 01:10:29]} {[%emt
00:03:21]} Re8 {[%clk 00:59:54]} {[%emt 00:02:38]} 17. Rfe1 {[%clk 01:10:00]}
{[%emt 00:00:59]} Ne3 {[%clk 00:58:22]} {[%emt 00:02:02]} 18. Nf4 {[%clk
01:08:23]} {[%emt 00:02:08]} Bd4 {[%clk 00:56:54]} {[%emt 00:01:52]} 19. Kh1
{[%clk 01:07:02]} {[%emt 00:01:56]} Nxg2 {[%clk 00:54:43]} {[%emt 00:02:42]}
20. Qxg2 {[%clk 01:06:32]} {[%emt 00:01:00]} Bg7 {[%clk 00:53:54]} {[%emt
00:01:18]} 21. Rxe8+ {[%clk 01:05:37]} {[%emt 00:01:24]} Qxe8 {[%clk 00:53:23]}
{[%emt 00:01:02]} 22. h4 {[%clk 01:04:48]} {[%emt 00:01:20]} Qe7 {[%clk
00:51:17]} {[%emt 00:02:33]} 23. b3 {[%clk 01:03:52]} {[%emt 00:01:29]} Be5
{[%clk 00:49:20]} {[%emt 00:02:24]} 24. Re1 {[%clk 01:03:30]} {[%emt 00:00:55]}
Qd8 {[%clk 00:48:27]} {[%emt 00:01:20]} 25. Nh3 {[%clk 01:02:15]} {[%emt
00:01:48]} Qd7 {[%clk 00:45:23]} {[%emt 00:03:29]} 26. g4 {[%clk 01:00:23]}
{[%emt 00:02:26]} c6 {[%clk 00:41:41]} {[%emt 00:04:12]} 27. g5 {[%clk
00:58:43]} {[%emt 00:02:11]} h5 {[%clk 00:41:31]} {[%emt 00:00:39]} 28. dxc6
{[%clk 00:58:48]} {[%emt 00:00:25]} Qxc6 {[%clk 00:40:59]} {[%emt 00:01:00]}
29. Qxc6 {[%clk 00:59:03]} {[%emt 00:00:17]} bxc6 {[%clk 00:40:31]} {[%emt
00:00:57]} 30. Rd1 {[%clk 00:58:54]} {[%emt 00:00:41]} c5 {[%clk 00:40:11]}
{[%emt 00:00:49]} 31. Nf2 {[%clk 00:58:47]} {[%emt 00:00:37]} Rd8 {[%clk
00:38:44]} {[%emt 00:01:53]} 32. Re1 {[%clk 00:58:18]} {[%emt 00:01:04]} Bg3
{[%clk 00:37:27]} {[%emt 00:01:46]} 33. Re2 {[%clk 00:58:15]} {[%emt 00:00:34]}
Bxh4 {[%clk 00:36:39]} {[%emt 00:01:17]} 34. Ne4 {[%clk 00:57:52]} {[%emt
00:00:54]} Kg7 {[%clk 00:34:28]} {[%emt 00:02:40]} 35. Kh2 {[%clk 00:57:20]}
{[%emt 00:01:03]} f6 {[%clk 00:33:36]} {[%emt 00:01:22]} 36. gxf6+ {[%clk
00:57:15]} {[%emt 00:00:35]} Bxf6 {[%clk 00:33:27]} {[%emt 00:00:39]} 37. Nxf6
{[%clk 00:57:23]} {[%emt 00:00:22]} Kxf6 {[%clk 00:33:22]} {[%emt 00:00:35]}
38. Rf2+ {[%clk 00:57:08]} {[%emt 00:00:45]} Kg7 {[%clk 00:33:14]} {[%emt
00:00:38]} 39. Kh3 {[%clk 00:57:20]} {[%emt 00:00:18]} Re8 {[%clk 00:31:50]}
{[%emt 00:01:52]} 40. Rf3 {[%clk 00:57:15]} {[%emt 00:00:36]} Re5 {[%clk
00:30:13]} {[%emt 00:02:06]} 41. Kh4 {[%clk 00:57:07]} {[%emt 00:00:40]} a6
{[%clk 00:29:48]} {[%emt 00:00:54]} 42. Rf4 {[%clk 00:56:33]} {[%emt 00:01:05]}
g5+ {[%clk 00:29:57]} {[%emt 00:00:20]} 0-1

[Event "DEM U10 2021"]
[Site "Willingen GER"]
[Date "2021.08.24"]
[Round "4"]
[White "Herrmann, Arthur"]
[Black "Glöckler, Christian"]
[Result "0-1"]
[Termination "normal"]
[Board "1"]
[WhiteElo "1191"]
[BlackElo "1581"]
[WhiteClock "00:11:57"]
[BlackClock "01:05:34"]
[PlyCount "96"]
[WhiteFideId "16287150"]
[BlackFideId "34608966"]
[EventCountry "GER"]
[EventRounds "11"]
[EventType "swiss"]
[EventDate "2021.08.22"]

1. e4 {[%clk 01:15:58]} {[%emt 00:00:03]} c5 {[%clk 01:15:53]} {[%emt
00:00:08]} 2. Nf3 {[%clk 01:16:24]} {[%emt 00:00:04]} d6 {[%clk 01:16:15]}
{[%emt 00:00:08]} 3. d4 {[%clk 01:16:49]} {[%emt 00:00:05]} cxd4 {[%clk
01:16:39]} {[%emt 00:00:06]} 4. Nxd4 {[%clk 01:17:14]} {[%emt 00:00:05]} Nf6
{[%clk 01:17:01]} {[%emt 00:00:06]} 5. Nc3 {[%clk 01:17:40]} {[%emt 00:00:05]}
a6 {[%clk 01:17:24]} {[%emt 00:00:08]} 6. Be3 {[%clk 01:18:04]} {[%emt
00:00:06]} e5 {[%clk 01:17:45]} {[%emt 00:00:10]} 7. Nf3 {[%clk 01:18:21]}
{[%emt 00:00:12]} Be7 {[%clk 01:18:05]} {[%emt 00:00:10]} 8. Bc4 {[%clk
01:18:38]} {[%emt 00:00:12]} O-O {[%clk 01:18:18]} {[%emt 00:00:17]} 9. O-O
{[%clk 01:18:49]} {[%emt 00:00:19]} Bg4 {[%clk 01:18:37]} {[%emt 00:00:12]} 10.
Re1 {[%clk 01:17:38]} {[%emt 00:01:40]} Nc6 {[%clk 01:16:28]} {[%emt 00:02:38]}
11. Nd5 {[%clk 01:16:17]} {[%emt 00:01:52]} Nxe4 {[%clk 01:16:27]} {[%emt
00:00:32]} 12. Bb6 {[%clk 01:15:18]} {[%emt 00:01:29]} Nxf2 {[%clk 01:16:12]}
{[%emt 00:00:45]} 13. Bxd8 {[%clk 01:14:09]} {[%emt 00:01:38]} Nxd1 {[%clk
01:16:30]} {[%emt 00:00:13]} 14. Nxe7+ {[%clk 01:09:35]} {[%emt 00:05:04]} Nxe7
{[%clk 01:16:42]} {[%emt 00:00:17]} 15. Bxe7 {[%clk 01:09:38]} {[%emt
00:00:27]} Nxb2 {[%clk 01:16:21]} {[%emt 00:00:51]} 16. Bxf8 {[%clk 01:07:49]}
{[%emt 00:02:19]} Nxc4 {[%clk 01:16:19]} {[%emt 00:00:32]} 17. Be7 {[%clk
01:07:48]} {[%emt 00:00:31]} Re8 {[%clk 01:15:35]} {[%emt 00:01:14]} 18. Bh4
{[%clk 01:06:07]} {[%emt 00:02:10]} f6 {[%clk 01:15:28]} {[%emt 00:00:37]} 19.
Re4 {[%clk 01:05:24]} {[%emt 00:01:11]} Be6 {[%clk 01:15:43]} {[%emt 00:00:17]}
20. Rd1 {[%clk 01:01:41]} {[%emt 00:04:10]} d5 {[%clk 01:15:45]} {[%emt
00:00:31]} 21. Ree1 {[%clk 01:00:55]} {[%emt 00:01:15]} b5 {[%clk 01:15:38]}
{[%emt 00:00:38]} 22. c3 {[%clk 00:59:20]} {[%emt 00:02:05]} Kf7 {[%clk
01:15:41]} {[%emt 00:00:27]} 23. h3 {[%clk 00:50:14]} {[%emt 00:09:36]} Rc8
{[%clk 01:14:55]} {[%emt 00:01:16]} 24. Rc1 {[%clk 00:49:12]} {[%emt 00:01:32]}
Nb2 {[%clk 01:14:22]} {[%emt 00:01:02]} 25. Rf1 {[%clk 00:45:14]} {[%emt
00:04:28]} Ke7 {[%clk 01:13:27]} {[%emt 00:01:26]} 26. Nd2 {[%clk 00:38:27]}
{[%emt 00:07:17]} g5 {[%clk 01:12:15]} {[%emt 00:01:42]} 27. Bg3 {[%clk
00:37:00]} {[%emt 00:01:54]} Na4 {[%clk 01:11:07]} {[%emt 00:01:41]} 28. Nb1
{[%clk 00:33:51]} {[%emt 00:03:38]} Bf7 {[%clk 01:10:56]} {[%emt 00:00:42]} 29.
h4 {[%clk 00:30:47]} {[%emt 00:03:34]} g4 {[%clk 01:10:58]} {[%emt 00:00:27]}
30. Rfd1 {[%clk 00:29:11]} {[%emt 00:02:05]} h5 {[%clk 01:10:47]} {[%emt
00:00:42]} 31. Kf2 {[%clk 00:28:44]} {[%emt 00:00:54]} Ke6 {[%clk 01:10:14]}
{[%emt 00:01:04]} 32. Ke2 {[%clk 00:26:49]} {[%emt 00:02:26]} Bg6 {[%clk
01:09:42]} {[%emt 00:01:02]} 33. Kd2 {[%clk 00:25:30]} {[%emt 00:01:49]} Bxb1
{[%clk 01:09:14]} {[%emt 00:00:59]} 34. Rxb1 {[%clk 00:24:56]} {[%emt
00:01:03]} Nxc3 {[%clk 01:09:31]} {[%emt 00:00:14]} 35. Rbc1 {[%clk 00:24:54]}
{[%emt 00:00:32]} d4 {[%emt 00:01:04]} 36. Kd3 {[%clk 00:22:47]} {[%emt
00:01:49]} b4 {[%clk 01:07:36]} {[%emt 00:02:38]} 37. Re1 {[%clk 00:21:33]}
{[%emt 00:01:41]} a5 {[%clk 01:07:39]} {[%emt 00:00:31]} 38. Bf2 {[%clk
00:20:56]} {[%emt 00:01:03]} Kd5 {[%clk 01:06:58]} {[%emt 00:01:14]} 39. Rc2
{[%clk 00:19:44]} {[%emt 00:01:38]} Rc4 {[%clk 01:06:42]} {[%emt 00:00:51]} 40.
Bg3 {[%clk 00:19:11]} {[%emt 00:00:59]} a4 {[%clk 01:05:47]} {[%emt 00:01:29]}
41. Rf2 {[%clk 00:18:34]} {[%emt 00:01:03]} Rc6 {[%clk 01:05:24]} {[%emt
00:00:56]} 42. Rb2 {[%clk 00:17:47]} {[%emt 00:01:15]} e4+ {[%clk 01:05:13]}
{[%emt 00:00:43]} 43. Kd2 {[%clk 00:18:02]} {[%emt 00:00:15]} Kc4 {[%clk
01:05:10]} {[%emt 00:00:34]} 44. Rf1 {[%clk 00:16:12]} {[%emt 00:02:17]} a3
{[%clk 01:04:57]} {[%emt 00:00:44]} 45. Rc2 {[%clk 00:14:07]} {[%emt 00:02:36]}
e3+ {[%clk 01:04:58]} {[%emt 00:00:30]} 46. Ke1 {[%clk 00:12:29]} {[%emt
00:02:07]} d3 {[%clk 01:05:15]} {[%emt 00:00:13]} 47. Rf4+ {[%clk 00:12:12]}
{[%emt 00:00:47]} Kb5 {[%clk 01:05:26]} {[%emt 00:00:19]} 48. Rf5+ {[%clk
00:11:57]} {[%emt 00:00:46]} Ka6 {[%clk 01:05:34]} 0-1

[Event "DEM U10 2021"]
[Site "Willingen GER"]
[Date "2021.08.24"]
[Round "4"]
[White "Buchinger, Alexis"]
[Black "Gulamzada, Elmir"]
[Result "1-0"]
[Termination "normal"]
[Board "2"]
[WhiteElo "1578"]
[BlackElo "1342"]
[WhiteClock "01:05:29"]
[BlackClock "00:06:51"]
[PlyCount "89"]
[WhiteFideId "16287134"]
[BlackFideId "34604332"]
[EventCountry "GER"]
[EventRounds "11"]
[EventType "swiss"]
[EventDate "2021.08.22"]

1. e4 {[%clk 01:15:57]} {[%emt 00:00:04]} c5 {[%clk 01:15:44]} {[%emt
00:00:16]} 2. Nf3 {[%clk 01:16:09]} {[%emt 00:00:17]} Nc6 {[%clk 01:15:43]}
{[%emt 00:00:30]} 3. d4 {[%clk 01:16:31]} {[%emt 00:00:09]} cxd4 {[%clk
01:15:29]} {[%emt 00:00:45]} 4. Nxd4 {[%clk 01:16:55]} {[%emt 00:00:05]} g6
{[%clk 01:15:34]} {[%emt 00:00:24]} 5. c4 {[%clk 01:16:54]} {[%emt 00:00:32]}
Bg7 {[%clk 01:14:14]} {[%emt 00:01:50]} 6. Be3 {[%clk 01:16:34]} {[%emt
00:00:50]} Nf6 {[%clk 01:14:15]} {[%emt 00:00:30]} 7. Nc3 {[%clk 01:16:16]}
{[%emt 00:00:47]} d6 {[%clk 01:12:33]} {[%emt 00:02:12]} 8. Be2 {[%clk
01:15:05]} {[%emt 00:01:37]} Bd7 {[%clk 01:05:20]} {[%emt 00:07:47]} 9. f3
{[%clk 01:13:37]} {[%emt 00:01:58]} O-O {[%clk 01:03:51]} {[%emt 00:01:59]} 10.
Qd2 {[%clk 01:11:08]} {[%emt 00:02:58]} Qc7 {[%clk 00:56:23]} {[%emt 00:07:58]}
11. O-O-O {[%clk 01:06:47]} {[%emt 00:04:52]} Nxd4 {[%clk 00:46:49]} {[%emt
00:10:03]} 12. Bxd4 {[%clk 01:06:46]} {[%emt 00:00:30]} a6 {[%clk 00:44:21]}
{[%emt 00:02:59]} 13. Bxf6 {[%clk 01:05:36]} {[%emt 00:01:39]} Bxf6 {[%clk
00:39:00]} {[%emt 00:05:54]} 14. Nd5 {[%clk 01:05:02]} {[%emt 00:01:03]} Qc6
{[%clk 00:36:03]} {[%emt 00:03:26]} 15. Nxf6+ {[%clk 01:05:08]} {[%emt
00:00:23]} exf6 {[%clk 00:35:33]} {[%emt 00:01:01]} 16. Qxd6 {[%clk 01:05:23]}
{[%emt 00:00:15]} Qxd6 {[%emt 00:01:07]} 17. Rxd6 {[%clk 01:05:48]} {[%emt
00:00:03]} Be6 {[%clk 00:34:05]} {[%emt 00:01:24]} 18. b3 {[%clk 01:05:48]}
{[%emt 00:00:31]} Rac8 {[%clk 00:30:59]} {[%emt 00:03:36]} 19. Kb2 {[%clk
01:05:44]} {[%emt 00:00:33]} Rfe8 {[%clk 00:30:53]} {[%emt 00:00:36]} 20. Bd3
{[%clk 01:05:32]} {[%emt 00:00:43]} Red8 {[%clk 00:28:55]} {[%emt 00:02:27]}
21. Rxd8+ {[%clk 01:05:36]} {[%emt 00:00:26]} Rxd8 {[%clk 00:29:05]} {[%emt
00:00:19]} 22. Bc2 {[%clk 01:05:17]} {[%emt 00:00:40]} Rd2 {[%clk 00:28:39]}
{[%emt 00:01:06]} 23. Rg1 {[%clk 01:05:13]} {[%emt 00:00:33]} f5 {[%clk
00:21:23]} {[%emt 00:07:47]} 24. Kc3 {[%clk 01:04:58]} {[%emt 00:00:45]} Rf2
{[%clk 00:16:02]} {[%emt 00:05:50]} 25. exf5 {[%clk 01:04:44]} {[%emt
00:00:43]} gxf5 {[%clk 00:12:33]} {[%emt 00:04:00]} 26. a4 {[%clk 01:04:03]}
{[%emt 00:01:12]} Kf8 {[%clk 00:10:35]} {[%emt 00:02:28]} 27. Kd3 {[%clk
01:02:18]} {[%emt 00:02:14]} Ke7 {[%clk 00:09:45]} {[%emt 00:01:22]} 28. Bd1
{[%clk 01:02:10]} {[%emt 00:00:38]} Kd6 {[%clk 00:08:33]} {[%emt 00:01:42]} 29.
Be2 {[%clk 01:01:36]} {[%emt 00:01:04]} f4 {[%clk 00:08:25]} {[%emt 00:00:38]}
30. Kd2 {[%clk 01:01:49]} {[%emt 00:00:18]} Bh3 {[%clk 00:07:48]} {[%emt
00:01:07]} 31. gxh3 {[%clk 01:01:57]} {[%emt 00:00:21]} Rxh2 {[%clk 00:08:09]}
{[%emt 00:00:09]} 32. Rg7 {[%clk 01:02:14]} {[%emt 00:00:13]} Rxh3 {[%clk
00:07:20]} {[%emt 00:01:18]} 33. Rxf7 {[%clk 01:02:36]} {[%emt 00:00:08]} h5
{[%clk 00:07:15]} {[%emt 00:00:35]} 34. Rxf4 {[%clk 01:02:55]} {[%emt
00:00:11]} h4 {[%clk 00:07:35]} {[%emt 00:00:09]} 35. Rf7 {[%clk 01:03:16]}
{[%emt 00:00:10]} Kc6 {[%clk 00:07:25]} {[%emt 00:00:41]} 36. Rh7 {[%clk
01:03:23]} {[%emt 00:00:21]} Rh2 {[%clk 00:07:49]} {[%emt 00:00:07]} 37. b4
{[%clk 01:03:21]} {[%emt 00:00:32]} b6 {[%clk 00:08:04]} {[%emt 00:00:15]} 38.
Rh6+ {[%clk 01:03:34]} {[%emt 00:00:17]} Kb7 {[%clk 00:08:24]} {[%emt
00:00:10]} 39. f4 {[%clk 01:03:37]} {[%emt 00:00:27]} a5 {[%clk 00:07:47]}
{[%emt 00:01:08]} 40. bxa5 {[%clk 01:03:56]} {[%emt 00:00:11]} bxa5 {[%clk
00:08:10]} {[%emt 00:00:07]} 41. Ke3 {[%clk 01:04:11]} {[%emt 00:00:14]} h3
{[%clk 00:08:09]} {[%emt 00:00:32]} 42. f5 {[%clk 01:04:18]} {[%emt 00:00:22]}
Rh1 {[%clk 00:08:17]} {[%emt 00:00:22]} 43. Bf3+ {[%clk 01:04:43]} {[%emt
00:00:06]} Kc7 {[%clk 00:07:50]} {[%emt 00:00:57]} 44. Bxh1 {[%clk 01:05:08]}
{[%emt 00:00:06]} Kd7 {[%clk 00:06:51]} {[%emt 00:01:29]} 45. Rxh3 {[%clk
01:05:29]} {[%emt 00:00:08]} 1-0

[Event "DEM U10 2021"]
[Site "Willingen GER"]
[Date "2021.08.24"]
[Round "4"]
[White "Mandalka, Justus"]
[Black "Wartenberg, Alexander"]
[Result "1/2-1/2"]
[Termination "normal"]
[Board "4"]
[WhiteElo "1440"]
[BlackElo "1424"]
[WhiteClock "00:30:05"]
[BlackClock "00:26:36"]
[PlyCount "79"]
[WhiteFideId "16298144"]
[BlackFideId "16280768"]
[EventCountry "GER"]
[EventRounds "11"]
[EventType "swiss"]
[EventDate "2021.08.22"]

1. e4 {[%clk 01:15:55]} {[%emt 00:00:04]} e5 {[%clk 01:15:55]} {[%emt
00:00:05]} 2. Nf3 {[%clk 01:16:20]} {[%emt 00:00:04]} Nf6 {[%clk 01:16:22]}
{[%emt 00:00:04]} 3. Nxe5 {[%clk 01:16:41]} {[%emt 00:00:09]} d6 {[%clk
01:16:48]} {[%emt 00:00:04]} 4. Nf3 {[%clk 01:17:01]} {[%emt 00:00:10]} Nxe4
{[%clk 01:17:11]} {[%emt 00:00:07]} 5. Nc3 {[%clk 01:17:26]} {[%emt 00:00:05]}
Nxc3 {[%clk 01:16:48]} {[%emt 00:00:53]} 6. dxc3 {[%clk 01:17:44]} {[%emt
00:00:12]} Be7 {[%clk 01:16:55]} {[%emt 00:00:17]} 7. Bc4 {[%clk 01:17:42]}
{[%emt 00:00:38]} Nc6 {[%clk 01:16:48]} {[%emt 00:00:37]} 8. Be3 {[%clk
01:17:18]} {[%emt 00:00:53]} Bf5 {[%clk 01:16:36]} {[%emt 00:00:43]} 9. Qd2
{[%clk 01:16:20]} {[%emt 00:01:27]} Qd7 {[%clk 01:16:49]} {[%emt 00:00:18]} 10.
O-O-O {[%clk 01:15:18]} {[%emt 00:01:31]} Be6 {[%clk 01:16:42]} {[%emt
00:00:38]} 11. Bxe6 {[%clk 01:14:11]} {[%emt 00:01:36]} Qxe6 {[%clk 01:17:05]}
{[%emt 00:00:08]} 12. Kb1 {[%clk 01:14:10]} {[%emt 00:00:30]} O-O-O {[%clk
01:16:20]} {[%emt 00:01:15]} 13. h3 {[%clk 01:12:23]} {[%emt 00:02:17]} Bf6
{[%clk 01:15:14]} {[%emt 00:01:35]} 14. Rhe1 {[%clk 01:12:17]} {[%emt
00:00:37]} Qc4 {[%clk 01:11:42]} {[%emt 00:04:02]} 15. Nd4 {[%clk 01:07:23]}
{[%emt 00:05:26]} Nxd4 {[%clk 01:10:56]} {[%emt 00:01:14]} 16. Bxd4 {[%clk
01:07:43]} {[%emt 00:00:11]} Bxd4 {[%clk 01:11:21]} {[%emt 00:00:06]} 17. cxd4
{[%clk 01:07:27]} {[%emt 00:00:44]} Rhe8 {[%clk 01:08:26]} {[%emt 00:03:22]}
18. b3 {[%clk 01:06:46]} {[%emt 00:01:14]} Qd5 {[%clk 01:07:38]} {[%emt
00:01:19]} 19. f3 {[%clk 01:06:23]} {[%emt 00:00:52]} Kd7 {[%clk 01:06:44]}
{[%emt 00:01:24]} 20. Qd3 {[%clk 01:04:46]} {[%emt 00:02:08]} g6 {[%clk
01:02:18]} {[%emt 00:04:56]} 21. g4 {[%clk 01:02:08]} {[%emt 00:03:08]} Re6
{[%clk 00:58:13]} {[%emt 00:04:34]} 22. Re4 {[%clk 00:51:24]} {[%emt 00:11:15]}
Rde8 {[%clk 00:56:37]} {[%emt 00:02:04]} 23. c4 {[%clk 00:45:35]} {[%emt
00:06:19]} Qa5 {[%clk 00:55:11]} {[%emt 00:01:57]} 24. Rd2 {[%clk 00:39:41]}
{[%emt 00:06:24]} Rxe4 {[%clk 00:54:40]} {[%emt 00:01:02]} 25. fxe4 {[%clk
00:39:30]} {[%emt 00:00:41]} Rxe4 {[%clk 00:39:30]} {[%emt 00:15:40]} 26. Qxe4
{[%clk 00:39:21]} {[%emt 00:00:38]} Qxd2 {[%clk 00:39:22]} {[%emt 00:00:38]}
27. Qf3 {[%clk 00:37:59]} {[%emt 00:01:52]} Ke8 {[%clk 00:37:38]} {[%emt
00:02:15]} 28. Qxb7 {[%clk 00:35:46]} {[%emt 00:02:42]} Qd1+ {[%clk 00:37:53]}
{[%emt 00:00:15]} 29. Kb2 {[%clk 00:36:10]} {[%emt 00:00:06]} Qxd4+ {[%clk
00:38:16]} {[%emt 00:00:06]} 30. Ka3 {[%clk 00:36:29]} {[%emt 00:00:12]} Qc5+
{[%clk 00:37:36]} {[%emt 00:01:10]} 31. Ka4 {[%clk 00:36:00]} {[%emt 00:00:59]}
Qb6 {[%clk 00:37:15]} {[%emt 00:00:52]} 32. Qe4+ {[%clk 00:35:10]} {[%emt
00:01:19]} Kf8 {[%clk 00:37:07]} {[%emt 00:00:39]} 33. b4 {[%clk 00:33:58]}
{[%emt 00:01:41]} Qf2 {[%clk 00:34:52]} {[%emt 00:02:45]} 34. a3 {[%clk
00:33:40]} {[%emt 00:00:48]} Qb6 {[%clk 00:31:48]} {[%emt 00:03:33]} 35. h4
{[%clk 00:32:52]} {[%emt 00:01:16]} Qf2 {[%clk 00:30:36]} {[%emt 00:01:46]} 36.
h5 {[%clk 00:32:44]} {[%emt 00:00:38]} Kg7 {[%clk 00:29:13]} {[%emt 00:01:52]}
37. hxg6 {[%clk 00:32:29]} {[%emt 00:00:46]} hxg6 {[%clk 00:29:03]} {[%emt
00:00:40]} 38. g5 {[%clk 00:29:50]} {[%emt 00:03:09]} Qf5 {[%clk 00:27:18]}
{[%emt 00:02:14]} 39. Qe7 {[%clk 00:30:01]} {[%emt 00:00:20]} Qc2+ {[%clk
00:26:36]} {[%emt 00:01:11]} 40. Kb5 {[%clk 00:30:05]} {[%emt 00:00:26]}
1/2-1/2

[Event "DEM U10 2021"]
[Site "Willingen GER"]
[Date "2021.08.24"]
[Round "4"]
[White "Sydykov, Bayastan"]
[Black "Ley, Cornelius"]
[Result "1-0"]
[Termination "normal"]
[Board "6"]
[WhiteElo "1209"]
[BlackElo "1447"]
[WhiteClock "01:17:29"]
[BlackClock "00:49:38"]
[PlyCount "41"]
[WhiteFideId "13829610"]
[BlackFideId "34608907"]
[EventCountry "GER"]
[EventRounds "11"]
[EventType "swiss"]
[EventDate "2021.08.22"]

1. e4 {[%clk 01:15:57]} {[%emt 00:00:03]} e5 {[%clk 01:15:54]} {[%emt
00:00:07]} 2. Nf3 {[%clk 01:16:22]} {[%emt 00:00:04]} Nc6 {[%clk 01:16:19]}
{[%emt 00:00:06]} 3. Bb5 {[%clk 01:16:47]} {[%emt 00:00:06]} a6 {[%clk
01:16:36]} {[%emt 00:00:12]} 4. Ba4 {[%clk 01:17:08]} {[%emt 00:00:08]} b5
{[%clk 01:16:59]} {[%emt 00:00:09]} 5. Bb3 {[%clk 01:17:28]} {[%emt 00:00:09]}
Na5 {[%clk 01:16:52]} {[%emt 00:00:37]} 6. O-O {[%clk 01:17:38]} {[%emt
00:00:20]} Nxb3 {[%clk 01:17:11]} {[%emt 00:00:12]} 7. axb3 {[%clk 01:17:49]}
{[%emt 00:00:18]} d6 {[%clk 01:17:26]} {[%emt 00:00:14]} 8. d4 {[%clk
01:18:02]} {[%emt 00:00:17]} Qe7 {[%clk 01:15:17]} {[%emt 00:02:39]} 9. Nc3
{[%clk 01:18:16]} {[%emt 00:00:17]} Nf6 {[%clk 01:15:06]} {[%emt 00:00:42]} 10.
Bg5 {[%clk 01:18:18]} {[%emt 00:00:27]} Bb7 {[%clk 01:14:25]} {[%emt 00:01:09]}
11. dxe5 {[%clk 01:18:29]} {[%emt 00:00:21]} dxe5 {[%clk 01:14:15]} {[%emt
00:00:40]} 12. Nd5 {[%clk 01:18:41]} {[%emt 00:00:17]} Bxd5 {[%clk 01:14:28]}
{[%emt 00:00:18]} 13. exd5 {[%clk 01:18:35]} {[%emt 00:00:36]} h6 {[%clk
01:12:53]} {[%emt 00:02:04]} 14. Bh4 {[%clk 01:18:25]} {[%emt 00:00:40]} g5
{[%clk 01:09:02]} {[%emt 00:04:21]} 15. Bg3 {[%clk 01:18:24]} {[%emt 00:00:31]}
e4 {[%clk 01:07:22]} {[%emt 00:02:11]} 16. Re1 {[%clk 01:18:24]} {[%emt
00:00:29]} O-O-O {[%clk 01:02:07]} {[%emt 00:05:45]} 17. Rxa6 {[%clk 01:18:34]}
{[%emt 00:00:21]} Rxd5 {[%clk 00:53:10]} {[%emt 00:09:26]} 18. Qa1 {[%clk
01:17:25]} {[%emt 00:01:38]} Qc5 {[%clk 00:49:59]} {[%emt 00:03:40]} 19. Rxf6
{[%clk 01:17:14]} {[%emt 00:00:44]} exf3 {[%clk 00:49:39]} {[%emt 00:00:50]}
20. Qa8+ {[%clk 01:17:29]} {[%emt 00:00:15]} Kd7 {[%clk 00:49:38]} {[%emt
00:00:31]} 21. Qe8# {[%emt 00:00:06]} 1-0